| 000 | 00548cam a2200205ua 4500 | ||
|---|---|---|---|
| 001 | 9572 | ||
| 005 | 20260515114459.0 | ||
| 008 | 160223n ii |||gr||||Z||||||hin | ||
| 020 | _a9788170285731 | ||
| 040 | _cMAIN | ||
| 041 | _ahin | ||
| 082 | _a491.435 | ||
| 100 |
_aViraj M A, _eAuthor. |
||
| 245 | 1 |
_aPramanik aalekhon aur tippon _cby Viraj M A |
|
| 260 |
_aDelhi: _bRajpal, _c2008. |
||
| 300 | _a192p. | ||
| 653 | _aEast Indo-European & Celtic languages | ||
| 653 | _aHindi letters, office correspondence, drafting and noting | ||
| 942 | _cBK | ||
| 999 |
_c8594 _d8594 |
||